000 00388nam a2200145Ia 4500
008 151213s9999 xx 000 0 und d
100 _aAzfar Hussain
245 _aChromatorey By Thoms Annell
_cAzfar Hussain
260 _aDhaka
_bMohiuddin and Sons
_c1980
300 _a8873 p.
650 _aEnglish Literature
650 _aEnglish Literature
700 _aAzfar Hussain
999 _c4658
_d4658